| 000 | 00627nam a2200193 u 4500 | ||
|---|---|---|---|
| 005 | 20241011063736.0 | ||
| 008 | 091026s2000 es r 000 0 spa d | ||
| 020 | _a848584081X | ||
| 035 | _aUPN01000173448 | ||
| 049 | _aCG | ||
| 050 | 4 |
_aLB2831.9 _bA5.2 |
|
| 100 | 1 |
_aAntúnez Marcos, Serafín _928729 |
|
| 245 | 1 | 3 |
_aLa acción directiva en las instituciones escolares : _banálisis y propuestas / _cSerafín Antúnez. |
| 260 |
_aBarcelona, Esp. : _bUniversitat de Barcelona : _bHorsori, _c2000. |
||
| 300 | _a173 p. | ||
| 440 | 0 |
_aCuadernos de educación ; _v30 |
|
| 650 | 4 |
_aDirectores de escuelas _92851 |
|
| 905 | _aLibro | ||
| 999 |
_c145552 _d145552 |
||